[Event "Campeonato de España Rapid 2017"]
[Site "Linares"]
[Date "2017.08.13"]
[Round "6"]
[White "Gutierrez Olivares, Daniel"]
[Black "Gines Esteo, Pedro Antonio"]
[Result "1-0"]
[Board "31"]
[WhiteTitle "FM"]
[WhiteElo "2269"]
[WhiteCountry "ESP"]
[WhiteFideId "2264005"]
[WhiteEloChange "3"]
[BlackTitle "FM"]
[BlackElo "1986"]
[BlackCountry "ESP"]
[BlackFideId "32080190"]
[BlackEloChange "-3"]

1. Nf3 {[%clk 0:15:05]} d5 {[%clk 0:15:05]} 2. g3 {[%clk 0:15:05]} Nf6 {[%clk
0:15:05]} 3. Bg2 {[%clk 0:15:05]} c6 {[%clk 0:15:05]} 4. d3 {[%clk 0:15:00]} Bf5
{[%clk 0:15:05]} 5. O-O {[%clk 0:15:00]} h6 {[%clk 0:15:00]} 6. Nbd2 {[%clk
0:14:55]} e6 {[%clk 0:15:00]} 7. Qe1 {[%clk 0:14:50]} Be7 {[%clk 0:15:00]} 8. e4
{[%clk 0:14:25]} Bh7 {[%clk 0:14:55]} 9. Qe2 {[%clk 0:14:25]} O-O {[%clk
0:14:55]} 10. b3 {[%clk 0:14:25]} a5 {[%clk 0:14:50]} 11. a3 {[%clk 0:14:10]} a4
{[%clk 0:14:50]} 12. b4 {[%clk 0:13:55]} c5 {[%clk 0:14:35]} 13. b5 {[%clk
0:13:20]} Nbd7 {[%clk 0:14:20]} 14. c4 {[%clk 0:12:55]} Nb6 {[%clk 0:13:15]} 15.
Bb2 {[%clk 0:12:40]} Re8 {[%clk 0:13:10]} 16. Rfe1 {[%clk 0:11:35]} Nfd7 {[%clk
0:11:05]} 17. h4 {[%clk 0:11:10]} Qc7 {[%clk 0:10:19]} 18. Nf1 {[%clk 0:10:35]}
Rad8 {[%clk 0:10:04]} 19. g4 {[%clk 0:09:19]} Qf4 {[%clk 0:07:39]} 20. g5 {[%clk
0:08:24]} hxg5 {[%clk 0:06:13]} 21. hxg5 {[%clk 0:07:50]} dxc4 {[%clk 0:05:38]}
22. dxc4 {[%clk 0:07:45]} Nf8 {[%clk 0:05:38]} 23. Be5 {[%clk 0:07:40]} Qg4
{[%clk 0:05:38]} 24. Bc7 {[%clk 0:06:54]} Nbd7 {[%clk 0:04:53]} 25. Bxd8 {[%clk
0:06:50]} Bxd8 {[%clk 0:04:28]} 26. N1h2 {[%clk 0:06:15]} Qh5 {[%clk 0:04:28]}
27. Qe3 {[%clk 0:05:30]} Ng6 {[%clk 0:03:12]} 28. Rad1 {[%clk 0:05:14]} Nde5
{[%clk 0:03:12]} 29. Qxc5 {[%clk 0:02:59]} Bxg5 {[%clk 0:02:37]} 30. Nxe5 {[%clk
0:02:22]} Bf4 {[%clk 0:02:37]} 31. Nhf3 {[%clk 0:01:36]} Nxe5 {[%clk 0:02:37]}
32. Nxe5 {[%clk 0:01:31]} Qh2+ {[%clk 0:02:37]} 33. Kf1 {[%clk 0:01:31]} Bxe5
{[%clk 0:02:32]} 34. Qe7 {[%clk 0:00:43]} Qxg2+ {[%clk 0:01:48]} 35. Kxg2 {[%clk
0:00:43]} Bxe4+ {[%clk 0:01:48]} 36. Rxe4 {[%clk 0:00:43]} Rxe7 {[%clk 0:01:48]}
37. Rxe5 {[%clk 0:00:38]} Rc7 {[%clk 0:01:48]} 38. Rc1 {[%clk 0:00:23]} Kf8
{[%clk 0:01:48]} 39. c5 {[%clk 0:00:23]} Ke7 {[%clk 0:01:48]} 40. c6 {[%clk
0:00:07]} Kd6 {[%clk 0:01:48]} 41. Re4 {[%clk 0:00:07]} Kd5 {[%clk 0:01:43]} 1-0

[Event "Campeonato de España Rapid 2017"]
[Site "Linares"]
[Date "2017.08.13"]
[Round "6"]
[White "Merario Alarcon, Andres"]
[Black "Gonzalez Benavides, Jose Antonio"]
[Result "0-1"]
[Board "32"]
[WhiteElo "2267"]
[WhiteCountry "ESP"]
[WhiteFideId "24522767"]
[WhiteEloChange "-16"]
[BlackElo "2044"]
[BlackCountry "ESP"]
[BlackFideId "2296373"]
[BlackEloChange "16"]

1. d4 {[%clk 0:15:05]} d5 {[%clk 0:15:05]} 2. c4 {[%clk 0:15:05]} c6 {[%clk
0:15:05]} 3. Nf3 {[%clk 0:15:05]} Nf6 {[%clk 0:15:05]} 4. e3 {[%clk 0:15:05]} e6
{[%clk 0:15:05]} 5. b3 {[%clk 0:15:05]} Nbd7 {[%clk 0:15:05]} 6. Bd3 {[%clk
0:15:05]} Bd6 {[%clk 0:15:00]} 7. Bb2 {[%clk 0:15:05]} O-O {[%clk 0:14:55]} 8.
Nbd2 {[%clk 0:15:05]} b6 {[%clk 0:14:50]} 9. O-O {[%clk 0:15:05]} c5 {[%clk
0:14:45]} 10. cxd5 {[%clk 0:14:39]} Nxd5 {[%clk 0:14:41]} 11. Ne4 {[%clk
0:13:04]} Be7 {[%clk 0:14:35]} 12. Qe2 {[%clk 0:12:59]} Bb7 {[%clk 0:14:11]} 13.
Rfd1 {[%clk 0:12:59]} cxd4 {[%clk 0:13:56]} 14. Nxd4 {[%clk 0:12:54]} N7f6 {[%clk
0:13:40]} 15. Nxf6+ {[%clk 0:11:49]} Bxf6 {[%clk 0:13:36]} 16. Be4 {[%clk
0:11:34]} Qe7 {[%clk 0:12:20]} 17. Rac1 {[%clk 0:11:09]} Rac8 {[%clk 0:12:15]}
18. Qf3 {[%clk 0:11:04]} g6 {[%clk 0:12:01]} 19. h3 {[%clk 0:10:08]} Bg7 {[%clk
0:11:55]} 20. Re1 {[%clk 0:07:43]} Rfd8 {[%clk 0:11:40]} 21. Qg3 {[%clk 0:06:39]}
f5 {[%clk 0:10:15]} 22. Bf3 {[%clk 0:06:34]} e5 {[%clk 0:09:50]} 23. Nb5 {[%clk
0:05:58]} a6 {[%clk 0:09:35]} 24. Rxc8 {[%clk 0:05:12]} Rxc8 {[%clk 0:09:35]} 25.
Ba3 {[%clk 0:05:12]} Rc5 {[%clk 0:08:00]} 26. Bxd5+ {[%clk 0:04:36]} Bxd5 {[%clk
0:08:00]} 27. Nc3 {[%clk 0:04:36]} Bc6 {[%clk 0:07:36]} 28. e4 {[%clk 0:04:22]}
f4 {[%clk 0:07:11]} 29. Qd3 {[%clk 0:04:17]} Bf8 {[%clk 0:06:16]} 30. Bxc5 {[%clk
0:04:12]} Qxc5 {[%clk 0:06:16]} 31. Nd5 {[%clk 0:04:12]} Bb5 {[%clk 0:06:11]} 32.
Qd2 {[%clk 0:04:12]} g5 {[%clk 0:05:56]} 33. Rc1 {[%clk 0:04:07]} Qd4 {[%clk
0:05:40]} 34. Qxd4 {[%clk 0:03:22]} exd4 {[%clk 0:05:40]} 35. a4 {[%clk 0:03:17]}
Be2 {[%clk 0:05:15]} 36. Nxb6 {[%clk 0:01:41]} d3 {[%clk 0:05:15]} 37. Nc4 {[%clk
0:01:37]} Bb4 {[%clk 0:05:15]} 38. Ra1 {[%clk 0:01:11]} a5 {[%clk 0:04:57]} 39.
Ra2 {[%clk 0:01:08]} Bd1 {[%clk 0:04:40]} 40. Rb2 {[%clk 0:01:03]} Bc3 {[%clk
0:04:15]} 41. Rb1 {[%clk 0:00:48]} Bc2 {[%clk 0:04:15]} 42. Rc1 {[%clk 0:00:42]}
Bb4 {[%clk 0:04:15]} 43. Nb2 {[%clk 0:00:25]} Ba3 {[%clk 0:03:41]} 44. Nxd3
{[%clk 0:00:25]} Bxd3 {[%clk 0:03:41]} 45. Rc8+ {[%clk 0:00:09]} Kg7 {[%clk
0:03:36]} 46. f3 {[%clk 0:00:09]} Bb4 {[%clk 0:03:31]} 47. Kf2 {[%clk 0:00:09]}
Bb1 {[%clk 0:03:31]} 48. Rd8 {[%clk 0:00:04]} Bc2 {[%clk 0:03:31]} 49. e5 {[%clk
0:00:00]} Bxb3 {[%clk 0:03:31]} 50. Rd7+ {[%clk 0:00:00]} Kg6 {[%clk 0:03:15]}
51. e6 {[%clk 0:00:00]} Bxe6 {[%clk 0:03:15]} 52. Rd1 Bb3 {[%clk 0:02:59]} 53.
Ra1 Kf5 {[%clk 0:02:59]} 54. g3 fxg3+ {[%clk 0:02:45]} 55. Kxg3 Bd6+ {[%clk
0:02:45]} 56. Kf2 Be5 {[%clk 0:02:45]} 57. Ra3 Bc4 {[%clk 0:02:39]} 58. Ke3 Bb2
{[%clk 0:02:39]} 0-1

[Event "Campeonato de España Rapid 2017"]
[Site "Linares"]
[Date "2017.08.13"]
[Round "7"]
[White "Anton Guijarro, David"]
[Black "Vazquez Igarza, Renier"]
[Result "1/2-1/2"]
[Board "1"]
[WhiteTitle "GM"]
[WhiteElo "2715"]
[WhiteCountry "ESP"]
[WhiteFideId "2285525"]
[WhiteEloChange "-2"]
[BlackTitle "GM"]
[BlackElo "2602"]
[BlackCountry "ESP"]
[BlackFideId "3503054"]
[BlackEloChange "2"]

1. e4 {[%clk 0:15:06]} c5 {[%clk 0:15:08]} 2. Nf3 {[%clk 0:15:02]} e6 {[%clk
0:15:12]} 3. Nc3 {[%clk 0:14:58]} Nc6 {[%clk 0:15:15]} 4. d4 {[%clk 0:14:57]}
cxd4 {[%clk 0:15:18]} 5. Nxd4 {[%clk 0:15:00]} Qc7 {[%clk 0:15:22]} 6. Be3 {[%clk
0:15:02]} a6 {[%clk 0:15:18]} 7. a3 {[%clk 0:15:05]} Nf6 {[%clk 0:15:07]} 8. f4
{[%clk 0:15:06]} d6 {[%clk 0:15:09]} 9. Qf3 {[%clk 0:15:07]} Nxd4 {[%clk
0:15:01]} 10. Bxd4 {[%clk 0:15:10]} Be7 {[%clk 0:15:05]} 11. O-O-O {[%clk
0:14:26]} O-O {[%clk 0:14:52]} 12. Qg3 {[%clk 0:12:41]} b5 {[%clk 0:12:14]} 13.
e5 {[%clk 0:12:44]} dxe5 {[%clk 0:12:18]} 14. fxe5 {[%clk 0:12:42]} Nd7 {[%clk
0:12:21]} 15. Ne4 {[%clk 0:12:34]} Bb7 {[%clk 0:12:23]} 16. Nd6 {[%clk 0:11:56]}
Bd5 {[%clk 0:11:16]} 17. Bd3 {[%clk 0:10:48]} Nc5 {[%clk 0:09:41]} 18. Bc3 {[%clk
0:10:01]} Nxd3+ {[%clk 0:08:47]} 19. Rxd3 {[%clk 0:09:49]} f5 {[%clk 0:07:57]}
20. Rhd1 {[%clk 0:06:59]} Qc6 {[%clk 0:07:06]} 21. Rxd5 {[%clk 0:04:54]} exd5
{[%clk 0:07:10]} 22. e6 {[%clk 0:04:59]} g6 {[%clk 0:05:15]} 23. Nf7 {[%clk
0:04:43]} Rxf7 {[%clk 0:05:19]} 24. exf7+ {[%clk 0:04:44]} Kxf7 {[%clk 0:05:23]}
25. Qf3 {[%clk 0:04:15]} Rc8 {[%clk 0:03:05]} 26. Rd3 {[%clk 0:02:27]} a5 {[%clk
0:02:25]} 27. Qxd5+ {[%clk 0:01:53]} Qxd5 {[%clk 0:02:28]} 28. Rxd5 {[%clk
0:01:56]} b4 {[%clk 0:02:22]} 29. axb4 {[%clk 0:02:00]} axb4 {[%clk 0:02:26]} 30.
Bd2 {[%clk 0:01:50]} Rc4 {[%clk 0:02:10]} 31. h3 {[%clk 0:01:19]} h5 {[%clk
0:02:03]} 32. Kd1 {[%clk 0:01:21]} Ke6 {[%clk 0:01:41]} 33. Rd3 {[%clk 0:01:12]}
Bd6 {[%clk 0:01:11]} 34. b3 {[%clk 0:01:09]} Re4 {[%clk 0:01:15]} 35. c3 {[%clk
0:00:59]} bxc3 {[%clk 0:01:17]} 36. Rxc3 {[%clk 0:00:49]} f4 {[%clk 0:00:56]} 37.
Rc4 {[%clk 0:00:40]} Kd5 {[%clk 0:00:37]} 38. Rxe4 {[%clk 0:00:41]} Kxe4 {[%clk
0:00:41]} 39. Ke2 {[%clk 0:00:43]} Ke5 {[%clk 0:00:35]} 1/2-1/2

[Event "Campeonato de España Rapid 2017"]
[Site "Linares"]
[Date "2017.08.13"]
[Round "7"]
[White "Iturrizaga Bonelli, Eduardo"]
[Black "Dvirnyy, Danyyil"]
[Result "1/2-1/2"]
[Board "3"]
[WhiteTitle "GM"]
[WhiteElo "2647"]
[WhiteCountry "VEN"]
[WhiteFideId "3901211"]
[WhiteEloChange "-1"]
[BlackTitle "GM"]
[BlackElo "2555"]
[BlackCountry "ITA"]
[BlackFideId "817570"]
[BlackEloChange "1"]

1. c4 {[%clk 0:15:00]} c6 {[%clk 0:15:08]} 2. Nf3 {[%clk 0:14:53]} d5 {[%clk
0:15:12]} 3. e3 {[%clk 0:14:56]} Nf6 {[%clk 0:15:15]} 4. Nc3 {[%clk 0:14:59]} e6
{[%clk 0:15:18]} 5. Qc2 {[%clk 0:14:52]} Bd6 {[%clk 0:15:22]} 6. d4 {[%clk
0:14:27]} Nbd7 {[%clk 0:15:25]} 7. e4 {[%clk 0:12:44]} dxe4 {[%clk 0:15:29]} 8.
Nxe4 {[%clk 0:12:48]} Nxe4 {[%clk 0:15:32]} 9. Qxe4 {[%clk 0:12:52]} Bb4+ {[%clk
0:15:36]} 10. Bd2 {[%clk 0:12:55]} Bxd2+ {[%clk 0:15:22]} 11. Nxd2 {[%clk
0:12:58]} c5 {[%clk 0:15:07]} 12. dxc5 {[%clk 0:12:26]} Qc7 {[%clk 0:15:00]} 13.
Qd4 {[%clk 0:11:23]} e5 {[%clk 0:14:52]} 14. Qd6 {[%clk 0:11:27]} Qxc5 {[%clk
0:14:33]} 15. Ne4 {[%clk 0:11:30]} Qxd6 {[%clk 0:14:35]} 16. Nxd6+ {[%clk
0:11:34]} Ke7 {[%clk 0:14:39]} 17. Nf5+ {[%clk 0:08:44]} Kf6 {[%clk 0:14:43]} 18.
Ne3 {[%clk 0:08:48]} Ke6 {[%clk 0:13:43]} 19. O-O-O {[%clk 0:08:33]} Nf6 {[%clk
0:13:41]} 20. g3 {[%clk 0:08:16]} Ke7 {[%clk 0:13:30]} 21. Bg2 {[%clk 0:08:19]}
Rb8 {[%clk 0:13:06]} 22. Rhe1 {[%clk 0:08:12]} Be6 {[%clk 0:11:52]} 23. Nd5+
{[%clk 0:06:38]} Nxd5 {[%clk 0:11:04]} 24. Bxd5 {[%clk 0:04:26]} f6 {[%clk
0:10:23]} 25. f4 {[%clk 0:04:14]} Rhc8 {[%clk 0:09:51]} 26. b3 {[%clk 0:02:26]}
b5 {[%clk 0:09:54]} 27. fxe5 {[%clk 0:02:25]} Bxd5 {[%clk 0:09:57]} 28. exf6+
{[%clk 0:01:36]} Kxf6 {[%clk 0:10:01]} 29. Rxd5 {[%clk 0:01:40]} bxc4 {[%clk
0:10:04]} 30. Rd6+ {[%clk 0:01:45]} Kf5 {[%clk 0:10:08]} 31. Kb2 {[%clk 0:01:48]}
cxb3 {[%clk 0:10:03]} 32. axb3 {[%clk 0:01:52]} Rc7 {[%clk 0:10:07]} 33. h3
{[%clk 0:01:52]} Rb6 {[%clk 0:10:06]} 34. Rd4 {[%clk 0:01:15]} 1/2-1/2

[Event "Campeonato de España Rapid 2017"]
[Site "Linares"]
[Date "2017.08.13"]
[Round "7"]
[White "Fedorchuk, Sergey A."]
[Black "Larino Nieto, David"]
[Result "0-1"]
[Board "4"]
[WhiteTitle "GM"]
[WhiteElo "2678"]
[WhiteCountry "UKR"]
[WhiteFideId "14102536"]
[WhiteEloChange "-7"]
[BlackTitle "GM"]
[BlackElo "2509"]
[BlackCountry "ESP"]
[BlackFideId "2256444"]
[BlackEloChange "7"]

1. e4 {[%clk 0:15:08]} c6 {[%clk 0:15:10]} 2. d4 {[%clk 0:15:08]} d5 {[%clk
0:15:06]} 3. Nd2 {[%clk 0:15:11]} dxe4 {[%clk 0:15:01]} 4. Nxe4 {[%clk 0:15:14]}
g6 {[%clk 0:15:05]} 5. h3 {[%clk 0:14:06]} Bg7 {[%clk 0:15:08]} 6. Nf3 {[%clk
0:14:09]} Nf6 {[%clk 0:15:12]} 7. Nxf6+ {[%clk 0:13:59]} exf6 {[%clk 0:15:15]} 8.
Bc4 {[%clk 0:13:40]} O-O {[%clk 0:15:18]} 9. O-O {[%clk 0:13:42]} Na6 {[%clk
0:15:22]} 10. Bf4 {[%clk 0:13:15]} Nc7 {[%clk 0:15:25]} 11. Re1 {[%clk 0:13:10]}
a5 {[%clk 0:15:29]} 12. a4 {[%clk 0:12:32]} Nd5 {[%clk 0:15:30]} 13. Bd2 {[%clk
0:12:35]} b6 {[%clk 0:15:16]} 14. Bb3 {[%clk 0:12:34]} Qd6 {[%clk 0:15:03]} 15.
Qc1 {[%clk 0:11:55]} Bf5 {[%clk 0:14:24]} 16. c4 {[%clk 0:11:49]} Nb4 {[%clk
0:14:20]} 17. c5 {[%clk 0:11:44]} bxc5 {[%clk 0:14:23]} 18. dxc5 {[%clk 0:11:49]}
Qb8 {[%clk 0:13:50]} 19. Nd4 {[%clk 0:09:39]} Bd7 {[%clk 0:10:24]} 20. Bc4 {[%clk
0:07:38]} Re8 {[%clk 0:09:20]} 21. Bc3 {[%clk 0:07:19]} Qa7 {[%clk 0:08:09]} 22.
Nb3 {[%clk 0:05:54]} Rxe1+ {[%clk 0:07:21]} 23. Bxe1 {[%clk 0:05:57]} Rb8 {[%clk
0:07:13]} 24. Qd1 {[%clk 0:05:42]} Bf5 {[%clk 0:07:02]} 25. Bc3 {[%clk 0:03:07]}
Bf8 {[%clk 0:04:31]} 26. Qd4 {[%clk 0:02:35]} Be7 {[%clk 0:04:04]} 27. Qf4 {[%clk
0:02:14]} Rd8 {[%clk 0:01:59]} 28. Re1 {[%clk 0:01:38]} Kg7 {[%clk 0:01:43]} 29.
g4 {[%clk 0:01:31]} Bd3 {[%clk 0:01:27]} 30. g5 {[%clk 0:01:33]} Kg8 {[%clk
0:01:02]} 31. Bxf6 {[%clk 0:01:07]} Bxc4 {[%clk 0:00:47]} 32. Rxe7 {[%clk
0:00:41]} Qa6 {[%clk 0:00:43]} 33. Qe5 {[%clk 0:00:42]} Qc8 {[%clk 0:00:17]} 34.
Bh8 {[%clk 0:00:40]} Kf8 {[%clk 0:00:21]} 35. Rc7 {[%clk 0:00:37]} Rd1+ {[%clk
0:00:20]} 36. Kh2 {[%clk 0:00:40]} Rh1+ {[%clk 0:00:22]} 37. Kxh1 {[%clk
0:00:43]} Qxh3+ {[%clk 0:00:26]} 38. Kg1 {[%clk 0:00:16]} Qf1+ {[%clk 0:00:30]}
39. Kh2 {[%clk 0:00:20]} Qxf2+ {[%clk 0:00:34]} 40. Kh1 {[%clk 0:00:15]} Bd5+
{[%clk 0:00:34]} 41. Qxd5 {[%clk 0:00:23]} Nxd5 {[%clk 0:00:38]} 42. Rc8+ {[%clk
0:00:22]} Ke7 {[%clk 0:00:42]} 43. Nxa5 {[%clk 0:00:26]} Qe1+ {[%clk 0:00:38]}
44. Kh2 {[%clk 0:00:30]} Qxa5 {[%clk 0:00:41]} 45. Rxc6 {[%clk 0:00:33]} Qd2+
{[%clk 0:00:45]} 46. Kh1 {[%clk 0:00:36]} Qe1+ {[%clk 0:00:45]} 47. Kh2 {[%clk
0:00:40]} Qe2+ {[%clk 0:00:39]} 48. Kg3 {[%clk 0:00:42]} Qe3+ {[%clk 0:00:33]}
49. Kh2 {[%clk 0:00:47]} Qxg5 {[%clk 0:00:33]} 50. Rd6 {[%clk 0:00:50]} Qf4+
{[%clk 0:00:30]} 51. Kg1 {[%clk 0:00:53]} Qe3+ {[%clk 0:00:32]} 52. Kh1 {[%clk
0:00:53]} Qxc5 {[%clk 0:00:32]} 0-1

[Event "Campeonato de España Rapid 2017"]
[Site "Linares"]
[Date "2017.08.13"]
[Round "7"]
[White "Saric, Ivan"]
[Black "Moreno Ruiz, Javier"]
[Result "1-0"]
[Board "5"]
[WhiteTitle "GM"]
[WhiteElo "2586"]
[WhiteCountry "CRO"]
[WhiteFideId "14508150"]
[WhiteEloChange "3"]
[BlackTitle "IM"]
[BlackElo "2471"]
[BlackCountry "ESP"]
[BlackFideId "2203146"]
[BlackEloChange "-3"]

1. e4 {[%clk 0:15:09]} e6 {[%clk 0:15:07]} 2. d4 {[%clk 0:15:13]} d5 {[%clk
0:15:11]} 3. Nc3 {[%clk 0:15:18]} Bb4 {[%clk 0:15:14]} 4. e5 {[%clk 0:15:22]} c5
{[%clk 0:15:15]} 5. a3 {[%clk 0:15:26]} Bxc3+ {[%clk 0:15:18]} 6. bxc3 {[%clk
0:15:30]} Ne7 {[%clk 0:15:22]} 7. Qg4 {[%clk 0:15:33]} O-O {[%clk 0:15:24]} 8.
Bd3 {[%clk 0:15:36]} f5 {[%clk 0:15:27]} 9. exf6 {[%clk 0:15:39]} Rxf6 {[%clk
0:15:30]} 10. Bg5 {[%clk 0:15:34]} Rf7 {[%clk 0:15:32]} 11. Qh5 {[%clk 0:15:42]}
g6 {[%clk 0:15:33]} 12. Qd1 {[%clk 0:15:46]} Qa5 {[%clk 0:15:32]} 13. Nf3 {[%clk
0:15:44]} Nbc6 {[%clk 0:15:22]} 14. Bd2 {[%clk 0:15:22]} c4 {[%clk 0:15:23]} 15.
Be2 {[%clk 0:15:21]} Nf5 {[%clk 0:15:26]} 16. Ne5 {[%clk 0:15:01]} Nxe5 {[%clk
0:15:19]} 17. dxe5 {[%clk 0:15:05]} Bd7 {[%clk 0:15:15]} 18. O-O {[%clk 0:14:44]}
Bc6 {[%clk 0:15:07]} 19. Bg4 {[%clk 0:14:27]} d4 {[%clk 0:13:30]} 20. cxd4 {[%clk
0:14:31]} Qd5 {[%clk 0:13:28]} 21. Bh3 {[%clk 0:14:31]} Nxd4 {[%clk 0:12:12]} 22.
Be3 {[%clk 0:14:19]} Nf5 {[%clk 0:12:05]} 23. Qxd5 {[%clk 0:14:14]} Bxd5 {[%clk
0:12:05]} 24. Rfe1 {[%clk 0:13:27]} b6 {[%clk 0:09:54]} 25. Rad1 {[%clk 0:13:31]}
Rc8 {[%clk 0:09:33]} 26. Bg5 {[%clk 0:13:27]} Rc5 {[%clk 0:09:08]} 27. g4 {[%clk
0:13:06]} Ne7 {[%clk 0:08:42]} 28. f4 {[%clk 0:13:10]} h5 {[%clk 0:04:27]} 29.
gxh5 {[%clk 0:13:02]} gxh5 {[%clk 0:04:29]} 30. Kf2 {[%clk 0:12:52]} Nf5 {[%clk
0:04:25]} 31. Rg1 {[%clk 0:12:39]} Kh7 {[%clk 0:04:27]} 32. Bf6 {[%clk 0:12:38]}
c3 {[%clk 0:03:21]} 33. Bxf5+ {[%clk 0:12:12]} exf5 {[%clk 0:03:24]} 34. Rg5
{[%clk 0:12:15]} Kh6 {[%clk 0:02:21]} 35. Rd3 {[%clk 0:09:04]} Rd7 {[%clk
0:00:58]} 36. Rh3 {[%clk 0:09:07]} Bf7 {[%clk 0:01:03]} 37. e6 {[%clk 0:09:11]}
Rd2+ {[%clk 0:01:03]} 38. Ke3 {[%clk 0:08:56]} Be8 {[%clk 0:00:53]} 39. Rg8
{[%clk 0:07:59]} Rxc2 {[%clk 0:00:38]} 40. Rhg3 {[%clk 0:07:46]} 1-0

[Event "Campeonato de España Rapid 2017"]
[Site "Linares"]
[Date "2017.08.13"]
[Round "7"]
[White "Forcen Esteban, Daniel"]
[Black "Perez Mitjans, Orelvis"]
[Result "1-0"]
[Board "6"]
[WhiteTitle "GM"]
[WhiteElo "2523"]
[WhiteCountry "ESP"]
[WhiteFideId "2288230"]
[WhiteEloChange "4"]
[BlackTitle "GM"]
[BlackElo "2435"]
[BlackCountry "ESP"]
[BlackFideId "3502856"]
[BlackEloChange "-4"]

1. e4 {[%clk 0:15:08]} e6 {[%clk 0:15:03]} 2. d4 {[%clk 0:15:11]} d5 {[%clk
0:15:08]} 3. Nc3 {[%clk 0:15:16]} Bb4 {[%clk 0:15:11]} 4. e5 {[%clk 0:15:20]} Ne7
{[%clk 0:15:04]} 5. a3 {[%clk 0:15:24]} Bxc3+ {[%clk 0:15:08]} 6. bxc3 {[%clk
0:15:28]} c5 {[%clk 0:15:12]} 7. Qg4 {[%clk 0:15:28]} Qc7 {[%clk 0:15:13]} 8. Bd2
{[%clk 0:15:23]} O-O {[%clk 0:15:02]} 9. Bd3 {[%clk 0:15:26]} c4 {[%clk 0:14:55]}
10. Be2 {[%clk 0:15:29]} f6 {[%clk 0:14:50]} 11. exf6 {[%clk 0:15:31]} Rxf6
{[%clk 0:14:58]} 12. Qg3 {[%clk 0:15:17]} Qa5 {[%clk 0:13:50]} 13. h4 {[%clk
0:15:15]} Nbc6 {[%clk 0:13:48]} 14. Nf3 {[%clk 0:15:17]} h6 {[%clk 0:13:11]} 15.
h5 {[%clk 0:14:31]} Bd7 {[%clk 0:13:07]} 16. Nh4 {[%clk 0:13:00]} Raf8 {[%clk
0:12:06]} 17. f4 {[%clk 0:12:09]} Be8 {[%clk 0:09:11]} 18. Qh3 {[%clk 0:10:52]}
Rxf4 {[%clk 0:08:37]} 19. Bxf4 {[%clk 0:10:54]} Rxf4 {[%clk 0:08:41]} 20. Qxe6+
{[%clk 0:08:11]} Bf7 {[%clk 0:08:46]} 21. Qe3 {[%clk 0:08:14]} Re4 {[%clk
0:08:45]} 22. Qd2 {[%clk 0:08:18]} Bxh5 {[%clk 0:06:16]} 23. Nf3 {[%clk 0:08:22]}
Bxf3 {[%clk 0:06:06]} 24. gxf3 {[%clk 0:08:26]} Re6 {[%clk 0:06:10]} 25. Kf2
{[%clk 0:08:16]} Nf5 {[%clk 0:06:11]} 26. Bf1 {[%clk 0:07:29]} Re3 {[%clk
0:05:47]} 27. Bh3 {[%clk 0:04:39]} Ncxd4 {[%clk 0:02:45]} 28. Bxf5 {[%clk
0:04:29]} Nxf5 {[%clk 0:02:47]} 29. Rad1 {[%clk 0:03:18]} d4 {[%clk 0:02:48]} 30.
cxd4 {[%clk 0:03:17]} Qxa3 {[%clk 0:00:56]} 31. Rh3 {[%clk 0:03:21]} c3 {[%clk
0:00:25]} 32. Qxe3 {[%clk 0:01:19]} Nxe3 {[%clk 0:00:29]} 33. Kxe3 {[%clk
0:01:23]} b5 {[%clk 0:00:18]} 34. d5 {[%clk 0:01:13]} Qc5+ {[%clk 0:00:16]} 35.
Rd4 {[%clk 0:01:10]} Qd6 {[%clk 0:00:19]} 36. Rhh4 {[%clk 0:01:06]} b4 {[%clk
0:00:18]} 37. Rhe4 {[%clk 0:00:43]} b3 {[%clk 0:00:20]} 38. cxb3 {[%clk 0:00:44]}
Qc5 {[%clk 0:00:15]} 39. b4 {[%clk 0:00:36]} c2 {[%clk 0:00:12]} 40. bxc5 {[%clk
0:00:36]} c1Q+ {[%clk 0:00:15]} 41. Kf2 {[%clk 0:00:34]} Qc2+ {[%clk 0:00:14]}
42. Kg3 {[%clk 0:00:33]} Qxc5 {[%clk 0:00:18]} 43. d6 {[%clk 0:00:37]} Qg5+
{[%clk 0:00:21]} 44. Kf2 {[%clk 0:00:37]} Qd8 {[%clk 0:00:12]} 45. d7 {[%clk
0:00:45]} Kf7 {[%clk 0:00:13]} 46. Re8 {[%clk 0:00:39]} 1-0

[Event "Campeonato de España Rapid 2017"]
[Site "Linares"]
[Date "2017.08.13"]
[Round "7"]
[White "Oliva Castaneda, Kevel"]
[Black "Salgado Lopez, Ivan"]
[Result "0-1"]
[Board "7"]
[WhiteTitle "IM"]
[WhiteElo "2516"]
[WhiteCountry "CUB"]
[WhiteFideId "3500799"]
[WhiteEloChange "-3"]
[BlackTitle "GM"]
[BlackElo "2666"]
[BlackCountry "ESP"]
[BlackFideId "2257327"]
[BlackEloChange "3"]

1. d4 {[%clk 0:15:09]} Nf6 {[%clk 0:15:09]} 2. c4 {[%clk 0:15:13]} e6 {[%clk
0:15:12]} 3. g3 {[%clk 0:15:16]} Bb4+ {[%clk 0:15:11]} 4. Bd2 {[%clk 0:15:19]}
Be7 {[%clk 0:15:14]} 5. Bg2 {[%clk 0:15:22]} d5 {[%clk 0:15:17]} 6. Nf3 {[%clk
0:15:26]} c6 {[%clk 0:15:19]} 7. Qc2 {[%clk 0:15:25]} Nbd7 {[%clk 0:15:22]} 8.
O-O {[%clk 0:15:24]} b6 {[%clk 0:15:25]} 9. Bf4 {[%clk 0:14:21]} Bb7 {[%clk
0:15:24]} 10. Rd1 {[%clk 0:13:50]} Rc8 {[%clk 0:15:26]} 11. b3 {[%clk 0:12:55]}
O-O {[%clk 0:15:00]} 12. Nc3 {[%clk 0:12:55]} c5 {[%clk 0:14:41]} 13. dxc5 {[%clk
0:12:39]} Nxc5 {[%clk 0:14:27]} 14. Ne5 {[%clk 0:12:07]} Qe8 {[%clk 0:14:02]} 15.
cxd5 {[%clk 0:11:52]} exd5 {[%clk 0:13:35]} 16. Nxd5 {[%clk 0:11:39]} Nxd5 {[%clk
0:11:51]} 17. Bxd5 {[%clk 0:11:41]} Bf6 {[%clk 0:11:02]} 18. Qf5 {[%clk 0:10:24]}
Bxd5 {[%clk 0:10:38]} 19. Rxd5 {[%clk 0:10:27]} Qe6 {[%clk 0:10:34]} 20. e4
{[%clk 0:08:18]} g6 {[%clk 0:10:29]} 21. Qxe6 {[%clk 0:06:08]} fxe6 {[%clk
0:10:32]} 22. Rd6 {[%clk 0:05:01]} g5 {[%clk 0:10:34]} 23. Nc6 {[%clk 0:04:45]}
Rxc6 {[%clk 0:09:44]} 24. Rxc6 {[%clk 0:04:45]} Bxa1 {[%clk 0:09:47]} 25. Bd6
{[%clk 0:04:11]} Rf7 {[%clk 0:08:33]} 26. Bxc5 {[%clk 0:03:35]} bxc5 {[%clk
0:08:36]} 27. Rxc5 {[%clk 0:03:33]} e5 {[%clk 0:08:32]} 28. Rc8+ {[%clk 0:03:17]}
Kg7 {[%clk 0:08:28]} 29. Kg2 {[%clk 0:03:20]} g4 {[%clk 0:08:26]} 30. Rc2 {[%clk
0:02:51]} Bd4 {[%clk 0:08:27]} 31. b4 {[%clk 0:02:27]} Rf3 {[%clk 0:08:04]} 32.
h3 {[%clk 0:02:24]} h5 {[%clk 0:08:03]} 33. hxg4 {[%clk 0:02:25]} hxg4 {[%clk
0:08:07]} 34. Kf1 {[%clk 0:01:37]} Rc3 {[%clk 0:06:50]} 35. Rxc3 {[%clk 0:01:28]}
Bxc3 {[%clk 0:06:53]} 36. b5 {[%clk 0:01:32]} Kf6 {[%clk 0:05:38]} 37. f4 {[%clk
0:00:49]} gxf3 {[%clk 0:05:36]} 38. Kf2 {[%clk 0:00:53]} Ke6 {[%clk 0:05:37]} 39.
Kxf3 {[%clk 0:00:55]} Be1 {[%clk 0:05:39]} 40. a4 {[%clk 0:00:37]} Kd6 {[%clk
0:05:36]} 41. g4 {[%clk 0:00:40]} Bh4 {[%clk 0:05:20]} 42. a5 {[%clk 0:00:15]}
Kc5 {[%clk 0:05:22]} 0-1